Communauté de communes Coeur d'Ostrevent - Statistiques

Statistiques générales
  • Ce quiz a été pris 3 fois
  • Le résultat moyen est 8 sur 20
Réponses sur la Carte
Les réponses sont colorées sur une échelle allant du rouge au vert en fonction du pourcentage des utilisateurs qui les ont devinées à leur premier essai. Vous pouvez retrouver ces pourcentages ci-dessous.
 
Statistiques - réponses
Communes % Correct
Aniche
67%
Auberchicourt
67%
Hornaing
67%
Lewarde
67%
Masny
67%
Pecquencourt
67%
Somain
67%
Bruille lez Marchiennes
33%
Ecaillon
33%
Erre
33%
Fenain
33%
Loffre
33%
Marchiennes
33%
Monchecourt
33%
Rieulay
33%
Vred
33%
Wandignies Hamage
33%
Warlaing
33%
Montigny en Ostrevent
0%
Tilloy lez Marchiennes
0%
Aucun quiz correspondant
Distribution des résultats
% des personnes avec chaque résultat
Percentile par nombre de réponses
Votre historique - résultats
Vous n’avez pas pris ce quiz